[Event "RUS Rapid GP Top 16 2018"]
[Site "Khanty-Mansiysk"]
[Date "2018.12.03"]
[Round "14"]
[White "Pridorozhni, Aleksei"]
[Black "Kryakvin, Dmitry"]
[Result "1-0"]
[WhiteElo "2631"]
[BlackElo "2529"]
[Annotator "TA"]
[PlyCount "87"]
[EventDate "2018.12.01"]
[EventType "swiss"]
[EventCountry "RUS"]
[SourceTitle "playchess.com"]
[Source "ChessBase"]
[SourceQuality "1"]

{[%evp 11,87,0,11,2,8,2,8,9,25,0,20,2,27,7,57,56,68,68,66,13,23,25,19,0,15,3,26,19,27,19,28,29,29,0,40,0,0,0,0,0,0,0,0,0,0,0,24,24,24,24,24,35,50,14,33,15,418,393,247,326,237,187,95,103,439,434,751,704,12839,12836,12840,12840,12841,793,12841,12841,12841,12841]} 1. e4 c5 2. Nf3 d6 3. Bb5+ Bd7 4. a4 Nf6 5. Nc3 Nc6 (5... g6 6. e5 dxe5 7. Nxe5 Bg7 8. Qf3 Qc7 9. Nxd7 Nbxd7 10. d3 O-O 11. Bf4 Ne5 12. Qe3 Nh5 13. Bg3 Nxg3 14. hxg3 {1-0 (52) Polgar,J (2710)-Olszewski,M (2539) Warsaw 2011}) 6. O-O {B52: Sicilian: Moscow Variation with 3...Bd7} g6 {LiveBook: 3 Games} 7. Nd5 $146 ({Predecessor:} 7. Bxc6 Bxc6 8. e5 Ng4 9. e6 f6 10. d4 cxd4 11. Nxd4 f5 12. b4 Rc8 13. Bb2 b6 14. Nxc6 Rxc6 15. Qd5 Qa8 16. Nb5 {1-0 (16) Schlick,V (2273)-Michels,A (2194) Germany 2015}) 7... Bg7 8. Nxf6+ {The position is equal.} Bxf6 9. c3 e5 10. d4 cxd4 11. cxd4 O-O {[%cal Re5d4]} 12. Bh6 Re8 {[%cal Re5d4]} 13. d5 Nd4 14. Nxd4 exd4 15. Qd3 (15. Bd3 $1 $14) 15... a6 $11 16. Bxd7 Qxd7 17. Bd2 (17. Rfc1 {looks sharper.} Qe7 18. f3 Be5 19. Bd2 Qd7 20. h3) 17... Rac8 18. f3 h5 19. b3 Bg7 20. Rac1 Kh7 21. Rxc8 Rxc8 22. Rc1 Rc5 23. Rxc5 dxc5 24. a5 Bh6 25. f4 f5 26. Qf3 {[#] Threatens to win with e5.} fxe4 27. Qxe4 Bg7 28. Kf2 Qf5 (28... Bf8 {keeps more tension.} 29. f5 gxf5 30. Qh4 Qf7 31. Qg5 Be7) 29. Qxf5 gxf5 {[%mdl 4096] Endgame KB-KB} 30. Ke2 Bf8 31. Kd3 Bd6 32. g3 h4 33. Kc4 h3 $2 {[%mdl 8192]} (33... hxg3 $11 34. hxg3 Kg6) 34. b4 $18 cxb4 35. Bxb4 d3 {[#] ...Bxb4 is the strong threat.} 36. Bd2 Kg6 37. Kxd3 {Strongly threatening Kc4.} Kh5 $2 {[%mdl 8192]} (37... Kf7 $16 {is more resistant.}) 38. Ke2 {White is clearly winning.} Kg4 (38... Bc7 $142 39. Kf3 Bd6) 39. Bc3 Bc5 40. Be5 b5 41. axb6 Bxb6 42. d6 (42. Bb8 $142 a5 43. d6) 42... Kh5 43. Bf6 Kg6 44. Bg5 {Accuracy: White = 59%, Black = 28%.} 1-0

[Event "RUS Rapid GP Top 16 2018"]
[Site "Khanty-Mansiysk"]
[Date "2018.12.03"]
[Round "14"]
[White "Iljiushenok, Ilia"]
[Black "Yudin, Sergei"]
[Result "1/2-1/2"]
[WhiteElo "2607"]
[BlackElo "2643"]
[Annotator "TA"]
[PlyCount "85"]
[EventDate "2018.12.01"]
[EventType "swiss"]
[EventCountry "RUS"]
[SourceTitle "playchess.com"]
[Source "ChessBase"]
[SourceQuality "1"]

{[%evp 13,85,33,22,14,54,41,62,42,39,-10,20,-11,0,-2,13,5,75,9,45,53,28,23,55,22,35,20,4,23,24,18,22,-57,-81,-75,-96,-81,-80,-110,-79,-49,0,0,-7,-50,-31,-29,-24,-31,-32,-32,-29,-125,-134,-170,88,91,91,86,83,95,79,81,83,81,81,71,101,-14,7,-8,-8,-8,-8,-8]} 1. e4 d6 2. d4 Nf6 3. Nc3 e5 4. Nf3 Nbd7 5. Rg1 (5. Bc4 Be7 6. a4 O-O 7. O-O c6 8. Re1 b6 9. h3 a6 10. Ba2 Rb8 11. Be3 b5 12. axb5 axb5 13. b4 Bb7 14. Bb3 exd4 15. Nxd4 d5 16. exd5 Bxb4 17. Bd2 cxd5 18. Ncxb5 Bxd2 19. Qxd2 {½-½ (30) Kryvoruchko,Y (2705)-Laznicka,V (2671) Brest 2018}) 5... c6 6. g4 {C41: Philidor Defence} h6 7. Be3 Qa5 {LiveBook: 4 Games} 8. Nd2 b5 9. a3 Qc7 10. h4 $146 ({Predecessor:} 10. Nb3 a6 11. f4 exd4 12. Bxd4 c5 13. Bxf6 Nxf6 {1-0 (29) Sychev,K (2389)-Sirletti,S (1940) St Petersburg 2011}) 10... h5 11. gxh5 Nxh5 12. Nb3 a6 13. Qd2 Bb7 14. O-O-O Nhf6 (14... a5 $11 {remains equal.}) 15. Bg5 ({Better is} 15. f4 $16) 15... O-O-O 16. Bh3 Kb8 17. Kb1 Be7 18. f3 (18. f4 {keeps more tension.} c5 19. dxe5 dxe5 20. Bxd7 Rxd7 21. Qxd7 Nxd7 22. Bxe7 Ka8 23. Rxg7 c4 24. Bd6) 18... c5 19. Bxd7 cxd4 20. Nxb5 $1 ({Much weaker is} 20. Bxf6 Bxf6 21. Na2 Rxd7 $19) 20... Qxd7 21. N5xd4 $1 exd4 22. Nxd4 (22. Qxd4 $11 Qc7 23. Rd3 (23. Be3 Nd7 $14)) 22... Ne8 $15 23. Bxe7 Qxe7 24. Qb4 Ka8 25. Rd3 g6 26. Rg5 {Black should prevent Ra5.} Rh5 ({Don't play} 26... Rxh4 27. Ra5 $11) 27. Rxh5 gxh5 28. Rb3 Rc8 29. Nf5 $1 {[%cal Rf5e7]} Qc7 30. Rc3 Qd7 31. Rb3 d5 32. Rd3 (32. Ne3 $1 $11) 32... Qe6 $17 {[%cal Rd5e4]} 33. Ne7 Rc4 $2 (33... dxe4 $19 34. fxe4 Rc4 35. Rd8+ Ka7) 34. exd5 $16 Bxd5 35. Qa5 $36 {[%mdl 2048] Black is under strong pressure.} Bb7 36. Rd8+ Ka7 37. Rxe8 {[#] Nc8+! is the strong threat.} Qd7 38. Qd8 Qxd8 39. Rxd8 Rxh4 {[#]} 40. Rd7 (40. Nc8+ $1 $16 Bxc8 41. Rxc8) 40... Rf4 {The position is equal.} 41. Nc8+ Kb8 42. Nd6 Bxf3 {Strongly threatening ...h4.} 43. Rxf7 {Accuracy: White = 40%, Black = 47%.} 1/2-1/2

[Event "RUS Rapid GP Top 16 2018"]
[Site "Khanty-Mansiysk"]
[Date "2018.12.03"]
[Round "14"]
[White "Demidov, Mikhail"]
[Black "Maletina, Tatiana"]
[Result "1-0"]
[WhiteElo "2586"]
[BlackElo "2239"]
[Annotator "TA"]
[PlyCount "73"]
[EventDate "2018.12.01"]
[EventType "swiss"]
[EventCountry "RUS"]
[SourceTitle "playchess.com"]
[Source "ChessBase"]
[SourceQuality "1"]

{[%evp 9,73,21,41,39,37,36,36,46,41,32,41,37,69,27,53,69,61,49,104,91,128,82,150,143,129,108,134,129,241,261,296,296,311,316,335,324,328,233,226,206,219,220,186,79,162,86,187,187,193,189,353,344,467,411,571,561,572,572,572,572,567,561,889,872,1358,1331]} 1. Nf3 d5 2. g3 Bg4 3. Bg2 Nd7 4. h3 (4. O-O Ngf6 5. h3 Bh5 6. d3 e5 7. e4 dxe4 8. dxe4 Nxe4 9. Re1 Bxf3 10. Qxf3 Nd6 {½-½ (10) Sargissian,G (2680)-Korobov,A (2664) Abu Dhabi 2018}) 4... Bh5 5. c4 c6 6. cxd5 {A07: Réti Opening: New York and Capablanca Systems} cxd5 7. Qb3 Qc7 8. O-O $146 {White is slightly better.} ({Predecessor:} 8. Nc3 e6 9. d4 a6 10. Bf4 Bd6 11. Bxd6 Qxd6 {1-0 (42) Mascarinas,R (2395)-Hay,T Sydney 1979}) 8... e6 9. d3 Bxf3 10. Bxf3 Ngf6 11. Nc3 Qb6 12. Qxb6 axb6 13. Nb5 {Hoping for Nc7+.} Rc8 (13... Ra5 $14 14. a4 Bb4) 14. Bf4 $36 {[%mdl 2048] Black is under strong pressure.} e5 {Strongly threatening ...Rc5.} 15. Bd2 e4 ({Black should try} 15... Rc2 16. Rfd1 e4) 16. Bg2 Be7 17. Nc3 O-O 18. dxe4 d4 {[#]} (18... dxe4 $16 19. Nxe4 Rc2) 19. Nb5 $1 $18 Rc2 20. Rfd1 Rxb2 21. Nxd4 Rc8 22. a3 Bc5 23. Bc3 Bxd4 24. Bxd4 Rxe2 25. e5 Nxe5 26. Rac1 ({Much less strong is} 26. Bxb6 $6 Nc6 $16) (26. Bxb7 $18 {is more deadly.} Re8 27. Bxb6) 26... Re8 (26... Nc6 $16 {was worth a try.}) 27. Bxb6 (27. Bxb7 $18 h5 28. Bxb6) 27... Ned7 (27... Ra2 $16) 28. Be3 Ra2 29. Bxb7 {Bc6 is the strong threat.} h6 $2 (29... Rxa3 {is a better defense.} 30. Bc6 Rexe3 31. fxe3 Nf8) 30. Ra1 Rc2 31. a4 {[%cal Ba3a4,Ba4a5,Ba5a6][%mdl 32]} Rb8 32. Bg2 {White is clearly winning.} Nc5 33. a5 Na6 34. Rd6 Nc7 35. a6 Na8 36. Rad1 Kh7 {[#]} 37. Rxf6 $1 {[%mdl 512] Accuracy: White = 74%, Black = 20%.} 1-0

[Event "RUS Rapid GP Top 16 2018"]
[Site "Khanty-Mansiysk"]
[Date "2018.12.03"]
[Round "14"]
[White "Maltsevskaya, Aleksandra"]
[Black "Kabanov, Nikolai"]
[Result "1/2-1/2"]
[WhiteElo "2247"]
[BlackElo "2403"]
[Annotator "TA"]
[PlyCount "76"]
[EventDate "2018.12.01"]
[EventType "swiss"]
[EventCountry "RUS"]
[SourceTitle "playchess.com"]
[Source "ChessBase"]
[SourceQuality "1"]

{[%evp 12,76,9,-8,14,-4,3,-3,-6,-12,-14,-16,23,14,22,17,65,51,45,38,38,38,32,30,61,64,76,54,68,39,40,12,12,10,53,53,60,40,50,47,70,41,44,27,61,44,78,54,54,47,103,85,83,0,255,225,649,0,0,0,0,0,0,0,0,0,2]} 1. Nf3 d6 2. d4 Nf6 3. g3 Nbd7 4. Bg2 e5 5. dxe5 dxe5 6. O-O Bc5 7. Nc3 {LiveBook: 12 Games} h6 {A46: 1 d4 Nf6 2 Nf3 e6: Torre, London and Colle Systems} 8. e4 O-O 9. Qe2 $146 ({Predecessor:} 9. Re1 Re8 10. h3 c6 11. a3 Qc7 12. Be3 Bf8 13. g4 Nh7 14. Nh4 Nc5 15. Nf5 {0-1 (72) Lueders,G (2217)-Meister,J (2503) Berlin 2005}) 9... c6 10. Nh4 Re8 11. Nf5 Nf8 12. Rd1 Qc7 13. Na4 Ne6 14. Nxc5 Nxc5 15. b3 Bxf5 16. exf5 e4 17. Bb2 Qe7 18. Rd2 a5 19. a4 Nd5 20. Re1 Qg5 21. Rd4 {[%cal Rg2e4]} Qxf5 22. Bxe4 Qh3 23. Qd1 Nxe4 24. Rdxe4 Rxe4 25. Rxe4 $40 {[%mdl 128] Black must now prevent c4. White has some attack.} Qf5 $1 {[%cal Rf5e4]} 26. Re5 Qg6 27. h4 Nb4 28. Re2 Qf5 29. Qd4 {[%csl Gb2][%cal Rd4g7]} f6 30. Re7 Nxc2 (30... Kh8 $14) 31. Qc4+ Kh8 32. g4 ({Reject} 32. Rxb7 $6 Re8 $11) (32. Qf7 $16 {[%csl Ge7][%cal Rf7g7]} Rg8 33. Bc3 (33. Rxb7 Ne1 $15)) 32... b5 $2 {[%mdl 8192] [#]} (32... Qg6 $1 $11 {and Black is okay.}) 33. Qe2 $1 $18 ({Weaker is} 33. gxf5 bxc4 34. bxc4 Rb8 $15) 33... Qc5 $2 {[#]} (33... Qg6) 34. Re8+ $2 (34. Bxf6 $1 $18 {[%mdl 512]} gxf6 35. Qe4) 34... Rxe8 $11 {The position is equal.} 35. Qxe8+ Kh7 36. Qe4+ Kg8 37. Qe8+ Kh7 $1 38. Qe4+ Kh8 {Accuracy: White = 57%, Black = 48%.} 1/2-1/2

[Event "RUS Rapid GP Top 16 2018"]
[Site "Khanty-Mansiysk"]
[Date "2018.12.03"]
[Round "15"]
[White "Sjugirov, Sanan"]
[Black "Morozevich, Alexander"]
[Result "1-0"]
[WhiteElo "2722"]
[BlackElo "2696"]
[Annotator "TA"]
[PlyCount "83"]
[EventDate "2018.12.01"]
[EventType "swiss"]
[EventCountry "RUS"]
[SourceTitle "playchess.com"]
[Source "ChessBase"]
[SourceQuality "1"]

{[%evp 17,83,35,31,14,22,14,60,21,31,-27,-18,-43,-17,-17,0,0,0,0,0,0,0,0,0,-18,-24,-41,-37,-259,-257,-247,-256,-221,-104,-115,-125,-103,-114,-136,-52,-112,0,-71,-86,-89,57,74,104,97,351,352,346,337,402,412,406,400,409,399,390,386,393,388,385,341,825,817,768,722]} 1. e4 c5 2. Nf3 e6 3. d4 cxd4 4. Nxd4 Nc6 5. Nc3 Qc7 6. Be3 a6 7. a3 Nf6 8. f4 d6 9. Qf3 Be7 {LiveBook: 25 Games} 10. Nxc6 $146 {B82: Sicilian Scheveningen: 6 f4} ({Predecessor:} 10. O-O-O O-O 11. h3 Nxd4 12. Bxd4 b5 13. g4 Bb7 14. g5 Nd7 15. h4 Rac8 16. Rh2 e5 17. Bg1 f5 {½-½ (68) Chigaev,M (2599)-Krylov,M (2476) Sochi 2018}) 10... bxc6 11. g4 {[%cal Bg2g4,Bg4g5][%mdl 32]} Rb8 12. g5 {White is slightly better.} Nd7 13. b3 (13. O-O-O $1 $14) 13... d5 14. Bg2 $1 h6 {With the idea ...hxg5.} 15. h4 hxg5 16. hxg5 Rxh1+ 17. Bxh1 Qa5 18. Bd2 {[%cal Rc3d5] Black must now prevent Nxd5.} Qc5 19. Bg2 d4 20. b4 Qa7 21. Na4 a5 22. Qh5 $2 ({Only move:} 22. bxa5 $15 Bd8 23. Nb6) 22... axb4 $19 23. axb4 Bxb4 24. g6 d3 (24... fxg6 $19 {and Black stays clearly on top.} 25. Qxg6+ {[%mdl 64] Double Attack} Kd8 26. Qg5+ Kc7) 25. gxf7+ Kf8 26. c3 Qg1+ 27. Bf1 Qg3+ $1 28. Kd1 {[#]} Nf6 ({Better is} 28... Be7 $1 $17 {Threatens to win with ...Ba6.} 29. Qh8+ Kxf7 30. Qh5+ g6 31. Qh7+ Ke8 32. Qh8+ Nf8) 29. Qh1 {[#]} (29. Qh3 $11 {remains equal.} Qxh3 30. Bxh3) 29... Be7 $1 $17 30. Kc1 {Black should prevent Nb2.} e5 ({Much worse is} 30... Kxf7 $6 31. Nb2 $14) (30... Nd7 $17) 31. Nb2 $36 {[%cal Ba4b2,Bb2d3,Bd3e5,Be5c6,Bc6d4,Bd4f5][%mdl 2080] White is in control.} Kxf7 32. Nxd3 Kg8 $2 {[%mdl 8192]} (32... Bd6 $16 {is a better defense.}) 33. Nxe5 $18 ({Less strong is} 33. fxe5 Nd7 $18) 33... Be6 34. Nxc6 {[%mdl 64] Double Attack} Re8 35. Nd4 Bf7 36. Nf5 Qg6 37. Bd3 Bf8 38. e5 Qh5 39. Qxh5 Nxh5 40. Ra7 g5 $2 (40... Rd8 41. Nd4 Bc5) 41. fxg5 Rxe5 42. Nh6+ {Accuracy: White = 68%, Black = 53%.} 1-0

[Event "RUS Rapid GP Top 16 2018"]
[Site "Khanty-Mansiysk"]
[Date "2018.12.03"]
[Round "15"]
[White "Chigaev, Maksim"]
[Black "Ponkratov, Pavel"]
[Result "0-1"]
[WhiteElo "2671"]
[BlackElo "2658"]
[Annotator "TA"]
[PlyCount "88"]
[EventDate "2018.12.01"]
[EventType "swiss"]
[EventCountry "RUS"]
[SourceTitle "playchess.com"]
[Source "ChessBase"]
[SourceQuality "1"]

{[%evp 18,88,6,4,81,82,60,37,21,29,62,54,54,24,31,-26,-26,-29,-27,-56,-11,-23,-11,-17,-16,-25,-20,-69,-43,-72,-73,-85,-71,-75,-64,-87,-77,-82,-69,-66,-70,-158,-158,-162,-149,-164,-155,-145,-25,-36,-19,-19,-20,-112,-79,-127,-129,-114,-71,-86,-46,-225,-205,-319,-313,-451,-547,-29944,-12850,-6083,-6099,-5222,-5222]} 1. e4 e6 2. d4 d5 3. Nc3 Bb4 4. e5 c5 5. a3 Bxc3+ 6. bxc3 Qc7 7. Nf3 Ne7 8. a4 Nbc6 9. Be2 O-O 10. O-O f6 {C19: French: 3 Nc3 Bb4: Main line: 7 Nf3 and 7 a4} (10... b6 $11) 11. exf6 $16 Rxf6 12. Ba3 c4 {White is slightly better.} 13. Ne5 Nf5 $146 ({Predecessor:} 13... Ng6 14. Nxg6 Rxg6 15. f4 Bd7 16. Qd2 Re8 17. Bh5 {1-0 (44) Danielyan,V (2140)-Nikologorsky,M (2243) Moscow 2015}) 14. Nxc6 Qxc6 15. Bc1 Nd6 16. f3 (16. Bg4 $14) 16... a5 $11 17. Re1 Bd7 18. Bf1 Re8 19. Bg5 Rf7 20. Qd2 Ref8 21. Qe2 Nc8 {[%cal Bd6c8,Bc8b6,Bb6a4][%mdl 32]} 22. Qd2 Nb6 (22... h6 $5 {[%cal Rh6g5]} 23. Bh4 Nb6 $15) 23. Bh4 Nxa4 24. Bg3 Ra8 25. h4 Nb6 26. h5 h6 27. Be5 Be8 28. g4 Nd7 29. f4 (29. Bf4 $15) 29... Nxe5 $17 30. Rxe5 Bd7 31. Bg2 Qd6 32. f5 Kh8 ({Black should try} 32... Rf6 $17 33. fxe6 Bxe6) 33. Rae1 $11 {[%cal Rf5e6]} exf5 {Hoping for ...Bc6.} 34. Bxd5 Rff8 35. Bxb7 (35. g5 $1 $11 {remains equal.}) 35... Rae8 36. g5 Rxe5 37. Rxe5 f4 $36 {[%mdl 2048] Keeping White busy.} 38. Bf3 hxg5 {[#] And now ...g4 would win.} 39. Rxg5 $2 (39. Qg2 $1 $15) 39... a4 $19 40. Rg6 (40. Rd5 $142 Qe7 41. Ra5) 40... Rf6 41. Qg2 (41. Rg5 {was worth a try.} Bf5 42. Be2) 41... Qe7 42. h6 {[%cal Rh6g7]} Qe1+ 43. Kh2 Rxg6 44. Qxg6 {[#]} Qg3+ $1 {[%mdl 512] Precision: White = 34%, Black = 65%.} 0-1

[Event "RUS Rapid GP Top 16 2018"]
[Site "Khanty-Mansiysk"]
[Date "2018.12.03"]
[Round "15"]
[White "Yudin, Sergei"]
[Black "Demidov, Mikhail"]
[Result "1/2-1/2"]
[WhiteElo "2643"]
[BlackElo "2586"]
[Annotator "TA"]
[PlyCount "30"]
[EventDate "2018.12.01"]
[EventType "swiss"]
[EventCountry "RUS"]
[SourceTitle "playchess.com"]
[Source "ChessBase"]
[SourceQuality "1"]

{[%evp 14,17,31,30,66,50]} 1. e4 {[%cal Be2e4,Be4e5][%mdl 32]} Nf6 2. e5 Nd5 3. d4 d6 4. c4 Nb6 5. exd6 exd6 6. Nc3 Be7 7. Bd3 O-O {B03: Alekhine's Defence: Four Pawns Attack} 8. Nge2 {LiveBook: 120 Games} Bg5 (8... c6 9. O-O Na6 10. a3 Nc7 11. h3 Re8 12. b3 d5 13. c5 Nd7 14. Bf4 Nf8 15. b4 {0-1 (45) Volokitin,A (2628)-Kasimdzhanov,R (2683) Riadh 2017}) 9. O-O {Predecessor:} Re8 $146 10. b3 Nc6 11. Bb2 Bf6 12. Ne4 d5 13. Nxf6+ Qxf6 14. Ng3 Nb4 15. Bb1 dxc4 {0-1 (31) Petrov,V (2321)-Dimitrov,R (2495) Sunny Beach 2015} 1/2-1/2

[Event "RUS Rapid GP Top 16 2018"]
[Site "Khanty-Mansiysk"]
[Date "2018.12.03"]
[Round "15"]
[White "Sarana, Alexey"]
[Black "Pridorozhni, Aleksei"]
[Result "1/2-1/2"]
[WhiteElo "2617"]
[BlackElo "2631"]
[Annotator "TA"]
[PlyCount "108"]
[EventDate "2018.12.01"]
[EventType "swiss"]
[EventCountry "RUS"]
[SourceTitle "playchess.com"]
[Source "ChessBase"]
[SourceQuality "1"]

{[%evp 18,108,-2,-14,48,0,-11,-45,-50,-67,-71,-68,-57,-92,-19,-30,-27,-49,15,0,0,0,19,17,25,25,13,8,33,36,11,8,30,-8,-8,-9,0,-8,-23,-7,-25,-14,-17,-44,-9,-46,-54,-33,-37,-33,-12,-10,0,-2,5,0,7,7,2,7,7,4,2,3,8,8,8,10,59,64,64,64,106,57,65,80,85,12,12,8,294,8,8,8,8,8,8,8,8,8,8,8,8]} 1. e4 c5 2. Nf3 Nc6 3. d4 cxd4 4. Nxd4 Nf6 5. Nc3 e6 6. Ndb5 Bc5 7. Nd6+ {B45: Sicilian Four Knights} (7. Bf4) 7... Ke7 8. Nxc8+ Rxc8 9. Bd3 Qc7 10. O-O {LiveBook: 10 Games} Rhg8 ({Better is} 10... h5 $11) 11. Bg5 $146 (11. Kh1 $14) ({Predecessor:} 11. Kh1 g5 12. f4 gxf4 13. Bxf4 Ne5 14. Qd2 d6 {1-0 (29) Chiarot,C (2193)-Liascovich,L (2484) Buenos Aires 2015}) 11... h6 $11 12. Bh4 Bd6 13. Bg3 Bxg3 14. hxg3 h5 15. Qe2 Kf8 (15... Rh8 $17 16. Bb5 Ne5) 16. Qe3 a6 17. Be2 g5 (17... g6 $15) 18. Rad1 Ne5 19. f4 gxf4 20. gxf4 Nfg4 21. Qd4 Nc6 {[%cal Be5c6,Bc6e7,Be7f5][%mdl 32]} 22. Qc5+ Ne7 23. Qxc7 Rxc7 24. Rd3 f5 25. Bf3 fxe4 26. Nxe4 Nf5 27. c3 Ke7 28. Re1 h4 29. Ng5 Nf6 30. Kf2 b5 31. Ne4 (31. Bd5 $5 Nxd5 32. Rxd5 $11) 31... Nxe4+ 32. Bxe4 Ng3 33. Rd4 Rc5 34. Bd3 $1 Rh5 35. Re5 Rh6 36. a4 bxa4 37. Rg5 Rxg5 38. fxg5 {[%mdl 4096] Endgame KRB-KRN} Rh5 39. Rxa4 Rxg5 40. Rxh4 a5 41. Kf3 {Rg4 is the strong threat.} Nf5 42. Rh7+ Kd6 43. g4 Ne7 44. Rh5 $1 {[%cal Rh5g5]} Re5 45. Be4 {Hoping for Kf4.} Rxh5 46. gxh5 $14 {And now h6 would win. KB-KN} Ke5 {[#]} 47. h6 (47. Ke3 $1 $16) 47... Kf6 $1 $11 48. Bc2 d5 $2 {[%mdl 8192] [#]} (48... d6 $11 {and Black stays safe.}) 49. Ke3 $2 (49. h7 $1 $18 {[%cal Rh7h8]} Kg7 50. Kf4) 49... e5 {The position is equal.} 50. b4 axb4 51. cxb4 Nc6 52. b5 Nd4 53. h7 Kg7 54. Bd3 {Strongly threatening b6.} Nxb5 $1 {Accuracy: White = 54%, Black = 51%.} 1/2-1/2

[Event "RUS Rapid GP Top 16 2018"]
[Site "Khanty-Mansiysk"]
[Date "2018.12.03"]
[Round "15"]
[White "Kryakvin, Dmitry"]
[Black "Iljiushenok, Ilia"]
[Result "1/2-1/2"]
[WhiteElo "2529"]
[BlackElo "2607"]
[Annotator "TA"]
[PlyCount "44"]
[EventDate "2018.12.01"]
[EventType "swiss"]
[EventCountry "RUS"]
[SourceTitle "playchess.com"]
[Source "ChessBase"]
[SourceQuality "1"]

{[%evp 23,44,-8,-13,-25,0,0,0,0,0,-43,0,-3,-20,0,0,0,9,9,14,10,14,14,7]} 1. d4 Nf6 2. Bg5 Ne4 3. Bf4 c5 4. f3 Qa5+ 5. c3 Nf6 6. d5 e6 7. e4 exd5 8. exd5 d6 {A45: Trompowsky Attack} 9. Qd2 Be7 (9... Nbd7 10. c4 Qxd2+ 11. Kxd2 b5 12. Na3 a6 13. b3 b4 14. Nc2 a5 15. Bd3 Be7 16. a3 {1-0 (48) Yu,Y (2721)-Zhou,J (2635) Shenzhen 2016}) 10. c4 Qxd2+ 11. Kxd2 b5 12. Nc3 bxc4 {LiveBook: 4 Games} 13. Re1 {[#] Bxd6 is the strong threat.} Kd8 14. Bxc4 Nbd7 15. b3 Nb6 16. Nb5 $146 ({Predecessor:} 16. Nge2) 16... Kd7 (16... Nfxd5 {feels hotter.} 17. Bxd5 Nxd5 18. Bxd6 Bf6 19. Be5 Ke7) 17. Rxe7+ $1 {The position is equal.} Kxe7 18. Bxd6+ {[%mdl 64] [#] Double Attack} Kd7 {White must now prevent ...a6.} 19. Bxc5 Nxc4+ 20. bxc4 {Threatening Nd6.} Ba6 {aiming for ...Rhc8.} 21. Nd6 {Hoping for Kc3.} Rhc8 22. Nxc8 Rxc8 1/2-1/2

[Event "RUS Rapid GP Top 16 2018"]
[Site "Khanty-Mansiysk"]
[Date "2018.12.03"]
[Round "15"]
[White "Shuvalova, Polina"]
[Black "Maltsevskaya, Aleksandra"]
[Result "1-0"]
[WhiteElo "2411"]
[BlackElo "2247"]
[Annotator "TA"]
[PlyCount "57"]
[EventDate "2018.12.01"]
[EventType "swiss"]
[EventCountry "RUS"]
[SourceTitle "playchess.com"]
[Source "ChessBase"]
[SourceQuality "1"]

{[%evp 15,57,16,43,22,70,71,75,73,77,89,77,66,65,74,78,26,103,87,105,105,139,62,132,124,148,128,129,99,165,168,160,154,147,29,258,241,242,241,348,329,29989,29990,29992,29993]} 1. e4 c6 2. d4 d5 3. exd5 cxd5 4. Bd3 Nc6 5. c3 Qc7 6. Ne2 Bg4 7. O-O {B13: Caro-Kann: Exchange Variation and Panov-Botvinnik Attack} e6 8. Qe1 Nf6 {LiveBook: 14 Games} (8... Bxe2 9. Qxe2 Nf6 10. Nd2 Bd6 11. g3 O-O 12. f4 a6 13. Nf3 b5 14. a3 Ne7 {½-½ (52) Le,Q (2715)-Nisipeanu,L (2661) Batumi 2018}) 9. Bg5 {White is slightly better.} Bd6 10. f3 $1 {aiming for Bxf6.} Bh5 ({Don't go for} 10... Bxh2+ $2 11. Kh1 $18) 11. Qh4 Bg6 12. Bxg6 fxg6 13. Bxf6 gxf6 14. Qxf6 {[%mdl 64] Double Attack} Kd7 15. f4 $146 ({White should try} 15. Qh4 $16) ({Predecessor:} 15. Qh4) 15... Ne7 (15... Raf8 $11 16. Qg7+ Ne7) 16. Nd2 Raf8 {[#]} 17. Qh4 $1 h6 18. c4 (18. Qh3 $16) 18... g5 (18... dxc4 $14 19. Qh3 Nd5) 19. Qh3 $16 Bxf4 20. Nxf4 Rxf4 21. Rae1 g4 {[#]} (21... Rxf1+ $16 22. Rxf1 dxc4) 22. Qe3 $1 $18 Rxf1+ 23. Nxf1 Qc6 24. Ng3 ({Better is} 24. c5 $16) 24... h5 $2 (24... dxc4 $11 {and Black stays safe.} 25. Qe5 Re8) 25. Qe5 Rh6 26. Nxh5 {Hoping for Nf4.} Qd6 (26... dxc4 {was worth a try.} 27. d5 Qc5+ 28. Kh1 Qxd5 29. Nf6+ Rxf6 30. Qxf6 Nf5 31. Qf7+ Kd6) 27. Nf6+ {[%mdl 64] Double Attack} Kc6 $2 (27... Rxf6 $18 28. Qxf6 dxc4) 28. cxd5+ Nxd5 29. Rc1+ {Accuracy: White = 45%, Black = 30%.} 1-0